000 00673nam a2200265Ia 4500
005 20260302114257.0
008 008 260114s9999 xx 000 0 eng d
020 _a9781350079823
037 _aTextbook
040 _aCRL
040 _beng
040 _cCRL
041 _2eng
041 _aeng
084 _qCRL
100 _aHermann Levin Goldschmidt
_91118296
245 0 _aContradiction Set Free
260 _bBloomsbury
260 _bBloomsbury Academic
260 _c2020
650 _aPhilosophy
856 _uhttps://dx.doi.org/10.5040/9781350079823?locatt=label:secondary_bloomsburyCollections
942 _cEBOOK
999 _c1681972
_d1681972